000 00826nas a2200277 4500
001 BR2012003531
003 BR-BrBNA
005 20231205120611.0
007 ta
008 230509b bl.|||p| |||| 00| 00por d
040 _aBR-BrBNA
_bpor
_cBiblioteca Nacional de Agricultura
041 _a(Pt)
072 _aF70; F50; F30
100 1 _aSilva, R.R.
100 1 _aTozzi, A.M.G. de A.
245 1 _aUma nova espécie de Mimosa L. (Leguminosae, Mimosoideae)do Centro-Oeste do Brasil
650 _aMIMOSOIDEAE
650 _aLEGUMINOSAE
650 _aVARIEDADE
650 _aMORFOLOGIA VEGETAL
650 _aFELOGENIA
650 _aTAXONOMIA VEGETAL
773 0 _tHoehnea (Brazil)
_xISSN 0073-2877
_g(Mar 2011), v. 38(1) p. 143-146
_wBR2012003531
909 _a202311
_bLúcia
_c55
_dLúcia Elande
942 _2AGRIS
_n0
_cANA
999 _c219335
_d219335